000 00871nam a22001937a 4500
008 240205s2016 xxk|||||o|||| 00| 0 eng d
041 _aeng
110 _aRoyal Institution of Chartered Surveyors
245 _aSurveying the Route of a Glacier Outburst Flood (Jökulhlaup) in Western Greenland
_h[Electronic resource]
260 _aLondon,
_bRICS Resesarch Trust,
_cMarch 2016
300 _a32p.
490 _aRICS Research
520 _aThe study was primarily concerned with collecting fine-resolution topographic data with which our hydrological routing (i.e. flood) models could be improved.
650 _aGLACIERS
651 _aGreenland
710 _aRoyal Institution of Chartered Surveyors
856 _uhttps://www.propertyresearchtrust.org/uploads/1/3/4/8/134819607/glacier_outburst_floods.pdf
_zAvailable free via Property Research Trust
942 _n0
999 _c121792
_d121792